[Event "Rapid KO Final"]
[Site "Leon ESP"]
[Date "2004.06.06"]
[Round "3"]
[White "Svidler,P"]
[Black "Shirov,A"]
[Result "1/2-1/2"]
[WhiteElo "2733"]
[BlackElo "2713"]
[EventDate "2004.06.06"]

1. e4 c5 2. Nf3 Nc6 3. Bb5 g6 4. O-O Bg7 5. c3 Nf6 6. Qe2 O-O 7. d4 d5 8.
e5 Ne4 9. Be3 cxd4 10. cxd4 Bd7 11. Nc3 Nxc3 12. bxc3 Na5 13. Bd3 Rc8 14.
Rac1 Nc4 15. Bf4 Rc6 16. Rb1 Qc8 17. Bg5 f6 18. Bc1 fxe5 19. Nxe5 Nxe5 20.
dxe5 Rxc3 21. Bg5 Bf5 22. Bxf5 Rxf5 23. f4 e6 24. Bf6 Bxf6 25. g4 Rc2 26.
Qf3 Rc3 27. Qe2 Rc2 28. Qf3 Rc3 29. Qe2 1/2-1/2